000 00506cam a22001457a 4500
008 180718b1929 xxu||||| |||| 00| 0 eng d
082 _aA99 D259
100 _aDarwin, Charles
245 _aAutobiography of Charles Darwin: with two appendices by his son Francis Darwin
_cby Charles Darwin
260 _aLondon
_bWatts
_c1929
300 _a154p.
650 _aNaturalists --Great Britain --Biography
650 _aDarwin, Charles, 1809-1882. On the origin of species
650 _aDarwin, Charles, 1809-1882
999 _c432697
_d432697